[Event "47. Torneo Villa de Mislata - Torneo A"]
[Site "Mislata ESP"]
[Date "2013.08.13"]
[Round "3.7"]
[White "Montalban Galvez, Antoni"]
[Black "Ortega Lopez, Mikel"]
[Result "1-0"]
[WhiteElo "2197"]
[BlackElo "1988"]
[PlyCount "153"]
[EventDate "2013.08.12"]
[EventType "swiss"]
[EventRounds "9"]
[EventCountry "ESP"]
[Source "lmi"]
[SourceDate "2013.08.12"]

1. Nf3 Nf6 2. c4 e6 3. g3 Be7 4. Bg2 O-O 5. O-O d5 6. d4 b6 7. Ne5 Bb7 8. Nc3
Nbd7 9. Qa4 Nxe5 10. dxe5 Nd7 11. cxd5 Nc5 12. Qc4 exd5 13. Nxd5 c6 14. Nxe7+
Qxe7 15. Be3 Ne6 16. Rfd1 c5 17. Rd6 Bxg2 18. Kxg2 Rfd8 19. Rad1 h6 20. Qd5
Rac8 21. f4 Rxd6 22. Qxd6 Qb7+ 23. Qd5 Qa6 24. Qf3 Qxa2 25. f5 Nd4 26. Bxd4
cxd4 27. Rxd4 Qxb2 28. Re4 Re8 29. e6 fxe6 30. Rxe6 Rf8 31. Qd5 Kh7 32. Qe4 Rf6
33. g4 a5 34. h4 Qb4 35. Qxb4 axb4 36. Re4 h5 37. Kg3 hxg4 38. Kxg4 b3 39. Rb4
Rc6 40. Rxb3 Rc4+ 41. Kg3 Re4 42. Kf3 Rxh4 43. Rxb6 Ra4 44. e4 Kg8 45. Rb7 Kf8
46. Kf4 Ra5 47. Rd7 Rb5 48. Rd5 Rb7 49. Ke5 Ke7 50. Ra5 Rc7 51. Kf4 Rb7 52. Kg5
Rb4 53. Ra7+ Kf8 54. e5 Rb1 55. f6 Rg1+ 56. Kf5 Rf1+ 57. Ke6 gxf6 58. Rf7+ Ke8
59. Rb7 Kf8 60. Rf7+ Ke8 61. Rxf6 Ra1 62. Rf4 Ra6+ 63. Kf5 Ke7 64. Rb4 Rc6 65.
Rb7+ Ke8 66. Ke4 Ra6 67. Rc7 Ra5 68. Rc6 Ke7 69. Kf5 Ra7 70. Rh6 Ra5 71. Rh7+
Ke8 72. Kf6 Ra1 73. Rh8+ Kd7 74. e6+ Kd6 75. Rd8+ Kc7 76. e7 Rf1+ 77. Kg5 1-0

[Event "47. Torneo Villa de Mislata - Torneo A"]
[Site "Mislata ESP"]
[Date "2013.08.13"]
[Round "3.8"]
[White "Carrascoso Morales, Abel"]
[Black "Pena Riasco, Alexander"]
[Result "1-0"]
[WhiteElo "2288"]
[BlackElo "2121"]
[PlyCount "49"]
[EventDate "2013.08.12"]
[EventType "swiss"]
[EventRounds "9"]
[EventCountry "ESP"]
[Source "lmi"]
[SourceDate "2013.08.12"]

1. c4 Nf6 2. Nc3 c6 3. e4 d5 4. cxd5 cxd5 5. e5 Nfd7 6. d4 Nb6 7. Bd3 Nc6 8.
Nge2 g6 9. h4 Bg7 10. h5 O-O 11. b3 Bd7 12. Be3 Rc8 13. Rc1 Be6 14. Qd2 Re8 15.
hxg6 fxg6 16. Bh6 Bh8 17. Qg5 Kf7 18. Nf4 Rg8 19. Nxe6 Kxe6 20. Qg4+ Kf7 21.
e6+ Ke8 22. Bf4 Na8 23. Bxg6+ Kf8 24. Bh6+ Rg7 25. Qf5+ 1-0

[Event "47. Torneo Villa de Mislata - Torneo A"]
[Site "Mislata ESP"]
[Date "2013.08.13"]
[Round "3.9"]
[White "Martin Capitan, Feliciano"]
[Black "Cruz Lledo, Pablo"]
[Result "0-1"]
[WhiteElo "2105"]
[BlackElo "2271"]
[PlyCount "70"]
[EventDate "2013.08.12"]
[EventType "swiss"]
[EventRounds "9"]
[EventCountry "ESP"]
[Source "lmi"]
[SourceDate "2013.08.12"]

1. e4 c6 2. d4 d5 3. Nc3 dxe4 4. Nxe4 Bf5 5. Ng3 Bg6 6. Nf3 Nd7 7. h4 h6 8. Bd3
Bxd3 9. Qxd3 Ngf6 10. Bd2 e6 11. c4 Be7 12. Bc3 O-O 13. Rd1 Qc7 14. O-O Rad8
15. Rfe1 Rfe8 16. Qc2 b5 17. b3 bxc4 18. bxc4 Nb6 19. Ne5 c5 20. dxc5 Qxc5 21.
Ne4 Qc7 22. Qe2 Rxd1 23. Rxd1 Rd8 24. Rxd8+ Bxd8 25. Bd4 Nxe4 26. Bxb6 Qxe5 27.
Bxd8 f5 28. Qh5 Qa1+ 29. Kh2 Qe5+ 30. Kg1 Kh7 31. Qe2 Qa1+ 32. Kh2 Qd4 33. f3
Qd6+ 34. Kg1 Ng3 35. Qe1 Qd4+ 0-1

[Event "47. Torneo Villa de Mislata - Torneo A"]
[Site "Mislata ESP"]
[Date "2013.08.13"]
[Round "3.10"]
[White "Saenz Narciso, Miguel Angel"]
[Black "Lopez Mulet, Inigo"]
[Result "1/2-1/2"]
[WhiteElo "2206"]
[BlackElo "2120"]
[PlyCount "121"]
[EventDate "2013.08.12"]
[EventType "swiss"]
[EventRounds "9"]
[EventCountry "ESP"]
[Source "lmi"]
[SourceDate "2013.08.12"]

1. e4 e6 2. d4 d5 3. Nc3 Nf6 4. Bd3 c5 5. Nf3 Nc6 6. exd5 Nxd5 7. Nxd5 Qxd5 8.
O-O Nxd4 9. Nxd4 cxd4 10. Re1 Bb4 11. c3 dxc3 12. Qa4+ Bd7 13. Qxb4 Qxd3 14.
Bg5 f6 15. Rad1 Qa6 16. Rd6 Qb5 17. Rexe6+ Kf8 18. Qxb5 Bxb5 19. Bc1 cxb2 20.
Bxb2 Kf7 21. Re1 Rad8 22. Ba3 Rxd6 23. Bxd6 Rd8 24. Bb4 Re8 25. Rxe8 Kxe8 26.
f3 Kd7 27. Kf2 Kc6 28. Ke3 Kd5 29. Bf8 g6 30. Bg7 f5 31. g4 Bd7 32. g5 b5 33.
f4 Kc4 34. Kd2 a5 35. Kc1 b4 36. Kb2 a4 37. Bf8 Be6 38. Be7 Bd5 39. Bf8 a3+ 40.
Ka1 Kc3 41. Bg7+ Kc2 42. Bf8 b3 43. axb3 Kxb3 44. Bd6 a2 45. Bb8 Kc3 46. Bc7
Kd3 47. Bb8 Ke3 48. Bc7 Kf3 49. Be5 Kg2 50. Bb8 Kxh2 51. Bc7 Kg3 52. Bd6 Kf3
53. Bc7 Bg8 54. Bd6 Kg4 55. Bc7 Kh5 56. Bd6 h6 57. gxh6 g5 58. fxg5 Kxg5 59. h7
Bxh7 60. Kxa2 f4 61. Bxf4+ 1/2-1/2

[Event "47. Torneo Villa de Mislata - Torneo A"]
[Site "Mislata ESP"]
[Date "2013.08.13"]
[Round "3.11"]
[White "Cabero Feliciano, Guillermo"]
[Black "Mingarro Carceller, Sergi"]
[Result "0-1"]
[WhiteElo "2072"]
[BlackElo "2195"]
[PlyCount "88"]
[EventDate "2013.08.12"]
[EventType "swiss"]
[EventRounds "9"]
[EventCountry "ESP"]
[Source "lmi"]
[SourceDate "2013.08.12"]

1. Nf3 Nf6 2. c4 e6 3. g3 d5 4. Bg2 d4 5. d3 Nc6 6. O-O Bc5 7. Nbd2 h6 8. Nb3
Be7 9. e3 e5 10. exd4 exd4 11. Re1 O-O 12. h3 a5 13. Bd2 Re8 14. a3 a4 15. Nc1
Nd7 16. g4 Nc5 17. Bf4 Ne6 18. Bg3 Bd6 19. Bxd6 Qxd6 20. Nd2 Bd7 21. Ne4 Qe7
22. Ne2 Ra5 23. N4g3 Qg5 24. Ne4 Qh4 25. Qd2 f5 26. gxf5 Rxf5 27. Kh2 Ref8 28.
f4 Nxf4 29. Nxf4 Rxf4 30. Rf1 Ne5 31. Qa5 b5 32. Qxc7 Rxf1 33. Rxf1 Rxf1 34.
Qxe5 Qf4+ 35. Qxf4 Rxf4 36. Kg3 g5 37. Nc5 Be8 38. Ne6 Rf6 39. Nxd4 bxc4 40.
dxc4 Rd6 41. Nb5 Rd3+ 42. Kg4 Kg7 43. Kf5 Rd2 44. Bd5 Bxb5 0-1

[Event "47. Torneo Villa de Mislata - Torneo A"]
[Site "Mislata ESP"]
[Date "2013.08.13"]
[Round "3.12"]
[White "Sanchiz Marti, Josep Miquel"]
[Black "Rebole Arbea, Jose Ignacio"]
[Result "0-1"]
[WhiteElo "2047"]
[BlackElo "2187"]
[PlyCount "78"]
[EventDate "2013.08.12"]
[EventType "swiss"]
[EventRounds "9"]
[EventCountry "ESP"]
[Source "lmi"]
[SourceDate "2013.08.12"]

1. d4 d5 2. c4 e5 3. dxe5 d4 4. Nf3 Nc6 5. a3 a5 6. Nbd2 Bg4 7. h3 Bh5 8. Qb3
Qc8 9. Qb5 a4 10. b4 axb3 11. Nxb3 Bxf3 12. exf3 Nge7 13. Bd3 Ra6 14. c5 Nd5
15. O-O Nc3 16. Qc4 Ra4 17. e6 fxe6 18. Bg6+ hxg6 19. Qd3 Kf7 20. Re1 Be7 21.
Bf4 Bf6 22. Nd2 Nd5 23. Bg3 Qd7 24. Rab1 Ra7 25. Ne4 Rha8 26. Rb3 Nde7 27. Reb1
Nd8 28. Bf4 Nd5 29. Bd2 Qa4 30. g4 Qa6 31. Qc2 Nc6 32. f4 Na5 33. Rb5 Nc6 34.
f5 gxf5 35. gxf5 exf5 36. Ng3 g6 37. Qb3 Nce7 38. Bc1 Qe6 39. Qd1 Nc3 0-1

[Event "47. Torneo Villa de Mislata - Torneo A"]
[Site "Mislata ESP"]
[Date "2013.08.13"]
[Round "3.13"]
[White "Calvo Alfonso, Vicente"]
[Black "Uran Bermudez, Oliver Kevin"]
[Result "0-1"]
[WhiteElo "2177"]
[BlackElo "2103"]
[PlyCount "50"]
[EventDate "2013.08.12"]
[EventType "swiss"]
[EventRounds "9"]
[EventCountry "ESP"]
[Source "lmi"]
[SourceDate "2013.08.12"]

1. d4 d5 2. Nc3 Bf5 3. Nf3 e6 4. g3 c5 5. Bg2 Nc6 6. a3 cxd4 7. Nxd4 Nxd4 8.
Qxd4 Bxc2 9. O-O Nf6 10. Bf4 Be7 11. Rfc1 Bb3 12. Nb5 O-O 13. Nc7 Rc8 14. Qxa7
Bc4 15. b3 Bxe2 16. Ra2 Bd3 17. Qd4 Bg6 18. Nb5 Rxc1+ 19. Bxc1 Qa5 20. Bf1 Ne4
21. b4 Qa4 22. Be2 Bf6 23. Qd1 Qxd1+ 24. Bxd1 Rc8 25. Rc2 Nc3 0-1

[Event "47. Torneo Villa de Mislata - Torneo A"]
[Site "Mislata ESP"]
[Date "2013.08.13"]
[Round "3.14"]
[White "Jordan Martinez, Miguel"]
[Black "Ferreruela Romero, Jose Joaquin"]
[Result "1/2-1/2"]
[WhiteElo "2172"]
[BlackElo "2022"]
[PlyCount "108"]
[EventDate "2013.08.12"]
[EventType "swiss"]
[EventRounds "9"]
[EventCountry "ESP"]
[Source "lmi"]
[SourceDate "2013.08.12"]

1. e4 c6 2. d4 d5 3. Nc3 dxe4 4. Nxe4 Nd7 5. Nf3 Ngf6 6. Ng3 e6 7. Bd3 c5 8. c3
cxd4 9. Nxd4 Bc5 10. Nb3 O-O 11. O-O Qc7 12. Nxc5 Nxc5 13. Bc2 b6 14. Bg5 Rd8
15. Qc1 Ba6 16. Bxf6 gxf6 17. Qh6 f5 18. Nh5 f6 19. Nxf6+ Kh8 20. Rfd1 Qg7 21.
Qxg7+ Kxg7 22. Nh5+ Kh6 23. Ng3 Kg5 24. f3 h5 25. Kf2 Bd3 26. Rd2 Bc4 27. Rad1
Rxd2+ 28. Rxd2 Bxa2 29. b4 Nb3 30. Re2 a5 31. Bxf5 exf5 32. Rxa2 a4 33. c4 a3
34. Ne2 h4 35. Ke1 Ra4 36. f4+ Kf6 37. Nc3 Nc1 38. Ra1 Nb3 39. Rb1 a2 40. Nxa2
Rxa2 41. Rxb3 Rxg2 42. c5 bxc5 43. bxc5 Rxh2 44. Rc3 Ke7 45. c6 Kd8 46. c7+ Kc8
47. Kf1 Ra2 48. Rc5 h3 49. Kg1 Rg2+ 50. Kh1 Ra2 51. Rxf5 Kxc7 52. Rh5 Kc6 53.
Rxh3 Kd6 54. Rh8 Ke6 1/2-1/2

[Event "47. Torneo Villa de Mislata - Torneo A"]
[Site "Mislata ESP"]
[Date "2013.08.13"]
[Round "3.15"]
[White "Ribera Cebolla, Marc"]
[Black "Laliena Solanes, Luis"]
[Result "1/2-1/2"]
[WhiteElo "2029"]
[BlackElo "2162"]
[PlyCount "61"]
[EventDate "2013.08.12"]
[EventType "swiss"]
[EventRounds "9"]
[EventCountry "ESP"]
[Source "lmi"]
[SourceDate "2013.08.12"]

1. e4 c6 2. d4 d5 3. Nc3 dxe4 4. Nxe4 Bf5 5. Ng3 Bg6 6. h4 h6 7. Nf3 Nd7 8. h5
Bh7 9. Bd3 Bxd3 10. Qxd3 e6 11. Bd2 Ngf6 12. O-O-O Be7 13. Ne4 Nxe4 14. Qxe4
Nf6 15. Qd3 O-O 16. g4 Nxg4 17. Qe2 Qd6 18. Rhg1 f5 19. Ne5 Bg5 20. Bxg5 hxg5
21. Nxg4 fxg4 22. Rxg4 Rf5 23. Rdg1 Raf8 24. f4 Kh8 25. h6 gxh6 26. Rh1 R8f6
27. fxg5 Rxg5 28. Rxg5 Qf4+ 29. Qd2 Qf1+ 30. Qd1 Qf4+ 31. Qd2 1/2-1/2

[Event "47. Torneo Villa de Mislata - Torneo A"]
[Site "Mislata ESP"]
[Date "2013.08.13"]
[Round "3.16"]
[White "Gonzalez Aguirre, Luis"]
[Black "Garcia De Lomas Guerrero, Carlos"]
[Result "1-0"]
[WhiteElo "2151"]
[BlackElo "2013"]
[PlyCount "107"]
[EventDate "2013.08.12"]
[EventType "swiss"]
[EventRounds "9"]
[EventCountry "ESP"]
[Source "lmi"]
[SourceDate "2013.08.12"]

1. c4 Nf6 2. Nc3 e5 3. g3 d5 4. cxd5 Nxd5 5. Bg2 Nb6 6. Nf3 Nc6 7. O-O Be7 8.
a3 O-O 9. b4 Be6 10. d3 Nd4 11. Nd2 c6 12. Bb2 f6 13. e3 Nf5 14. Nb3 Qd7 15.
Qc2 Nh6 16. Ne4 Bh3 17. Nbc5 Qc8 18. Nd2 Bxc5 19. bxc5 Nd5 20. d4 Bxg2 21. Kxg2
exd4 22. Bxd4 Nf5 23. Nf3 Nxd4 24. Nxd4 f5 25. Qb3 Qd7 26. Ne2 Qf7 27. Rab1 b5
28. cxb6 axb6 29. Rfc1 c5 30. Nc3 c4 31. Qb5 Ra5 32. Qc6 Rc5 33. Qd6 Nxc3 34.
Rxc3 Qb7+ 35. Kg1 Rd5 36. Rxb6 Rd1+ 37. Qxd1 Qxb6 38. Qd5+ Kh8 39. Qxc4 h6 40.
Qc6 Qb1+ 41. Rc1 Qb2 42. a4 Rf6 43. Qc8+ Kh7 44. a5 Qe2 45. Qc4 Qd2 46. Qc3 Qe2
47. Qc4 Qd2 48. Ra1 Qb2 49. Qa2 Qb7 50. a6 Qa7 51. Qa4 Rb6 52. Qa5 Kg6 53.
Qxb6+ Qxb6 54. a7 1-0

[Event "47. Torneo Villa de Mislata - Torneo A"]
[Site "Mislata ESP"]
[Date "2013.08.13"]
[Round "3.18"]
[White "Ribes Peris, Alvaro"]
[Black "Gonzalvez Perales, Jose Luis"]
[Result "1/2-1/2"]
[WhiteElo "2109"]
[BlackElo "1963"]
[PlyCount "119"]
[EventDate "2013.08.12"]
[EventType "swiss"]
[EventRounds "9"]
[EventCountry "ESP"]
[Source "lmi"]
[SourceDate "2013.08.12"]

1. d4 Nf6 2. c4 c5 3. d5 b5 4. a4 bxc4 5. Nc3 d6 6. e4 Ba6 7. Qc2 Qb6 8. f4 g6
9. Nf3 Bg7 10. e5 dxe5 11. fxe5 Ng4 12. d6 Nxe5 13. Qe4 Bb7 14. Nd5 Bxd5 15.
Qxd5 Qc6 16. Bxc4 Nxc4 17. d7+ Qxd7 18. Qxa8 O-O 19. Qe4 Nxb2 20. O-O Nd3 21.
Rb1 Nb4 22. Be3 N8a6 23. Rfc1 Rc8 24. Bxc5 Nd3 25. Rb7 Rxc5 26. Rd1 Nf2 27.
Rbxd7 Nxe4 28. Rxe7 Rc4 29. Re8+ Bf8 30. Ne5 Rc7 31. Nd7 Rxd7 32. Rxd7 Nf6 33.
Rxf8+ Kxf8 34. Rxa7 Nc5 35. a5 Nfd7 36. Ra8+ Ke7 37. a6 Nb6 38. Rb8 Nxa6 39.
Rxb6 Nc5 40. Kf2 h5 41. Ke3 Ne6 42. Ke4 Nc5+ 43. Kd5 Nd3 44. g3 Nf2 45. Rb3 Ng4
46. h3 Nf2 47. Re3+ Kf8 48. h4 Ng4 49. Ra3 Ke7 50. Ke4 Nh6 51. Kf4 Kf6 52. Ra6+
Kg7 53. Ke5 Nf5 54. Ra3 Nh6 55. Kd6 Nf5+ 56. Kd7 Nh6 57. Ke8 Nf5 58. Rb3 Nd6+
59. Kd7 Nf5 60. Ke8 1/2-1/2

[Event "47. Torneo Villa de Mislata - Torneo A"]
[Site "Mislata ESP"]
[Date "2013.08.13"]
[Round "3.19"]
[White "Moreno Vicente, Jesus Miguel"]
[Black "Nieves Cabanes, Jose Manuel"]
[Result "0-1"]
[WhiteElo "1801"]
[BlackElo "2048"]
[PlyCount "54"]
[EventDate "2013.08.12"]
[EventType "swiss"]
[EventRounds "9"]
[EventCountry "ESP"]
[Source "lmi"]
[SourceDate "2013.08.12"]

1. e4 d5 2. exd5 Qxd5 3. Nc3 Qd8 4. d4 Nf6 5. Bg5 e6 6. Nf3 Be7 7. Bd3 Nbd7 8.
O-O O-O 9. Re1 b6 10. Qe2 Bb7 11. Rad1 Re8 12. Ne5 a6 13. Bc4 Nxe5 14. dxe5 Nd7
15. Bf4 Qc8 16. Rd3 b5 17. Bb3 c5 18. Rh3 c4 19. Qh5 Nf8 20. Ree3 cxb3 21. Reg3
bxa2 22. Nxa2 Qxc2 23. Nc3 Qf5 24. Bh6 Ng6 25. Rg5 Bxg5 26. g4 Qxe5 27. Bxg5
Qe1# 0-1

[Event "47. Torneo Villa de Mislata - Torneo A"]
[Site "Mislata ESP"]
[Date "2013.08.13"]
[Round "3.20"]
[White "Jordan Arenas, Manuel"]
[Black "Gimenez Ruiz, Jesus"]
[Result "1-0"]
[WhiteElo "2114"]
[BlackElo "1755"]
[PlyCount "131"]
[EventDate "2013.08.12"]
[EventType "swiss"]
[EventRounds "9"]
[EventCountry "ESP"]
[Source "lmi"]
[SourceDate "2013.08.12"]

1. d4 d5 2. c4 c6 3. Nf3 Nf6 4. e3 e6 5. Bd3 Bd6 6. O-O O-O 7. Nbd2 Nbd7 8. e4
dxe4 9. Nxe4 Nxe4 10. Bxe4 Nf6 11. Bc2 b6 12. Bg5 Bb7 13. Qd3 g6 14. Rad1 Be7
15. Rfe1 Re8 16. Qc3 Nd7 17. Bxe7 Qxe7 18. h3 Qf6 19. Ne5 Nxe5 20. dxe5 Qe7 21.
c5 bxc5 22. Rd6 Red8 23. Red1 Rxd6 24. Rxd6 Qg5 25. Rd7 Qc1+ 26. Rd1 Qg5 27.
Qxc5 a6 28. Qd6 Re8 29. Be4 Qe7 30. Bxc6 Bxc6 31. Qxc6 a5 32. Rd7 Qb4 33. Rd1
Rb8 34. b3 Kg7 35. g3 Rb5 36. Qd6 Qe4 37. Qd4 Qxd4 38. Rxd4 Rxe5 39. Kg2 h5 40.
a4 Kf6 41. Kf3 Ke7 42. h4 f6 43. b4 axb4 44. Rxb4 Ra5 45. Ke4 f5+ 46. Kd4 Kd6
47. Kc4 Kc6 48. Kb3 e5 49. Rb8 Rd5 50. Re8 Kd7 51. Rg8 Rd6 52. Kb4 Kc6 53. Ka5
Kb7 54. Rg7+ Kb8 55. Kb5 e4 56. a5 Rf6 57. Re7 Ka8 58. a6 Kb8 59. Rb7+ Ka8 60.
Rb6 Rxb6+ 61. Kxb6 Kb8 62. a7+ Ka8 63. Ka6 f4 64. gxf4 g5 65. hxg5 e3 66. fxe3
1-0

[Event "47. Torneo Villa de Mislata - Torneo A"]
[Site "Mislata ESP"]
[Date "2013.08.13"]
[Round "3.21"]
[White "Morant Amezaga, Elies"]
[Black "Garcia Sancho, Josep"]
[Result "1/2-1/2"]
[WhiteElo "2022"]
[BlackElo "1735"]
[PlyCount "97"]
[EventDate "2013.08.12"]
[EventType "swiss"]
[EventRounds "9"]
[EventCountry "ESP"]
[Source "lmi"]
[SourceDate "2013.08.12"]

1. d4 Nf6 2. c4 g6 3. Nc3 d5 4. cxd5 Nxd5 5. e4 Nxc3 6. bxc3 Bg7 7. Bc4 c5 8.
Ne2 Nc6 9. Be3 O-O 10. Rc1 Qc7 11. O-O Rd8 12. h3 Rb8 13. f4 b5 14. Bd3 Qd7 15.
d5 Qd6 16. dxc6 Qxd3 17. c7 Qxe3+ 18. Kh1 Rxd1 19. cxb8=Q Rxf1+ 20. Rxf1 Qxe2
21. Qxc8+ Bf8 22. Rf3 Qxa2 23. Qxc5 Qb1+ 24. Qg1 Qxe4 25. Qxa7 e5 26. fxe5 Qe1+
27. Qg1 Qxe5 28. Qf1 Bd6 29. Qg1 h5 30. Re3 Qf5 31. Re8+ Kh7 32. Re1 g5 33. Rf1
Qe5 34. Rxf7+ Kg6 35. Rd7 g4 36. Qb1+ Kg5 37. Rxd6 Qxd6 38. Qxb5+ Kh4 39. Qe2
Qc5 40. Qe1+ Kg5 41. h4+ Kg6 42. Qe4+ Kh6 43. Qe6+ Kg7 44. Qd7+ Kg6 45. Qd4 Qf5
46. Qe3 Qf6 47. Qd3+ Kh6 48. Qd4 Qxh4+ 49. Kg1 1/2-1/2

[Event "47. Torneo Villa de Mislata - Torneo A"]
[Site "Mislata ESP"]
[Date "2013.08.13"]
[Round "3.22"]
[White "Gonzalez Santamartina, Jorge"]
[Black "Guillem Mora, Carlos"]
[Result "0-1"]
[WhiteElo "1891"]
[BlackElo "1903"]
[PlyCount "50"]
[EventDate "2013.08.12"]
[EventType "swiss"]
[EventRounds "9"]
[EventCountry "ESP"]
[Source "lmi"]
[SourceDate "2013.08.12"]

1. e4 c5 2. Nf3 g6 3. d4 Bg7 4. c4 cxd4 5. Nxd4 Nf6 6. Nc3 Nc6 7. Be3 d6 8. Be2
O-O 9. O-O Nxd4 10. Bxd4 Be6 11. Rc1 a6 12. f3 Rc8 13. b3 Qa5 14. Qd2 Bd7 15.
Rfd1 b5 16. Nd5 Qd8 17. Bxf6 exf6 18. cxb5 Rxc1 19. Rxc1 axb5 20. Qb4 f5 21.
Qxd6 fxe4 22. fxe4 Re8 23. Bd3 Be5 24. Qb6 Qxb6+ 25. Nxb6 Bd4+ 0-1

[Event "47. Torneo Villa de Mislata - Torneo A"]
[Site "Mislata ESP"]
[Date "2013.08.14"]
[Round "4.1"]
[White "Kovacevic, Slobodan"]
[Black "Castella Garcia, Fausto"]
[Result "1-0"]
[WhiteElo "2337"]
[BlackElo "2338"]
[PlyCount "143"]
[EventDate "2013.08.12"]
[EventType "swiss"]
[EventRounds "9"]
[EventCountry "ESP"]
[Source "lmi"]
[SourceDate "2013.08.12"]

1. d4 Nf6 2. Nf3 g6 3. Bg5 Bg7 4. Nbd2 d5 5. e3 O-O 6. Be2 Nbd7 7. b4 Re8 8.
O-O e5 9. h3 h6 10. Bh4 e4 11. Nh2 c6 12. c4 a5 13. b5 g5 14. Bg3 cxb5 15. cxb5
Nf8 16. Rc1 Re7 17. Nb3 Ng6 18. Nc5 Nh7 19. Bh5 Nh4 20. Ng4 Nf5 21. Bh2 Nf6 22.
Nxf6+ Bxf6 23. Na4 Nd6 24. Qb3 Nc4 25. Rc2 Be6 26. Be2 Bg7 27. Nc5 Bf5 28. Bxc4
dxc4 29. Qxc4 Rc8 30. Qe2 b6 31. Na4 Rxc2 32. Qxc2 Qd5 33. Rb1 Re6 34. Qb3 Qd8
35. Rc1 g4 36. hxg4 Bxg4 37. Rc6 Qg5 38. Bf4 Qh5 39. Nc3 Qg6 40. Qd5 Bf5 41.
Bg3 h5 42. Ne2 Qg4 43. Nc3 Bf6 44. Rxe6 fxe6 45. Qc4 h4 46. Bc7 h3 47. Qf1 Qg7
48. Bg3 Qe7 49. gxh3 Qb4 50. Qc1 Qc4 51. Kh2 Be7 52. Qb2 Qf1 53. Qb1 Qxh3+ 54.
Kg1 Qg4 55. Qf1 Bd6 56. Ne2 Kf7 57. a4 Bg6 58. Kh2 Be7 59. Nf4 Bf5 60. Qh3 Qd1
61. Qh8 Bf6 62. Qa8 Bg5 63. Qb7+ Kf6 64. Qxb6 Bxf4 65. Qd8+ Kf7 66. exf4 e3 67.
Qd7+ Kg6 68. Qe8+ Kg7 69. Qe7+ Kg6 70. Bh4 Qf3 71. Qf6+ Kh7 72. Qf7+ 1-0

[Event "47. Torneo Villa de Mislata - Torneo A"]
[Site "Mislata ESP"]
[Date "2013.08.14"]
[Round "4.2"]
[White "Serna Lara, Sergio"]
[Black "Cano Cabanillas, Javier"]
[Result "1-0"]
[WhiteElo "2287"]
[BlackElo "2010"]
[PlyCount "77"]
[EventDate "2013.08.12"]
[EventType "swiss"]
[EventRounds "9"]
[EventCountry "ESP"]
[Source "lmi"]
[SourceDate "2013.08.12"]

1. d4 Nf6 2. g3 g6 3. Bg2 d5 4. Nf3 Bg7 5. c4 dxc4 6. Na3 c3 7. bxc3 O-O 8. O-O
c5 9. e3 Nc6 10. Qe2 Qa5 11. Bb2 a6 12. Rfd1 Rd8 13. Nc4 Qc7 14. Rac1 Bf5 15.
Ba3 Nd7 16. Nh4 b5 17. Nd2 Nb6 18. Nxf5 gxf5 19. Bxc5 Na4 20. Bxc6 Qxc6 21.
Bxe7 Re8 22. Ba3 f4 23. gxf4 Nxc3 24. Qd3 Rac8 25. Bb4 Nxd1 26. Rxc6 Rxc6 27.
Qb3 Rec8 28. Bc5 Rxc5 29. dxc5 Nc3 30. Qa3 Na4 31. Ne4 Bf8 32. Nf6+ Kg7 33.
Nh5+ Kg6 34. Qd3+ Kh6 35. Nf6 Kg7 36. Nxh7 Bxc5 37. Ng5 Rh8 38. Qf5 f6 39. Ne6+
1-0

[Event "47. Torneo Villa de Mislata - Torneo A"]
[Site "Mislata ESP"]
[Date "2013.08.14"]
[Round "4.3"]
[White "Sos Andreu, Eric"]
[Black "Sanchez Dengra, Jose Maria"]
[Result "1-0"]
[WhiteElo "2229"]
[BlackElo "2134"]
[PlyCount "83"]
[EventDate "2013.08.12"]
[EventType "swiss"]
[EventRounds "9"]
[EventCountry "ESP"]
[Source "lmi"]
[SourceDate "2013.08.12"]

1. d4 Nf6 2. c4 e6 3. g3 Bb4+ 4. Bd2 Qe7 5. Nf3 Nc6 6. Nc3 Bxc3 7. Bxc3 Ne4 8.
Rc1 O-O 9. Bg2 f5 10. O-O d6 11. d5 Nd8 12. Nd2 Nxc3 13. Rxc3 e5 14. c5 Nf7 15.
Qc2 Qf6 16. Rc1 Ng5 17. h4 Nf7 18. cxd6 cxd6 19. Bh3 g6 20. Qa4 Nh6 21. Rc7 g5
22. hxg5 Qxg5 23. Nf3 Qh5 24. Qh4 Qxh4 25. Nxh4 Ng4 26. Ng2 Nf6 27. Ne3 Ne4 28.
Kg2 Ng5 29. Nc4 Nf7 30. f4 e4 31. Na5 Rb8 32. Kf2 Nh6 33. Nc4 Nf7 34. Na3 a6
35. Nc4 b6 36. b3 Rd8 37. Nxb6 Rxb6 38. Rxc8 Rxc8 39. Rxc8+ Kg7 40. Bxf5 Rb4
41. Ke3 Nh6 42. Be6 1-0

[Event "47. Torneo Villa de Mislata - Torneo A"]
[Site "Mislata ESP"]
[Date "2013.08.14"]
[Round "4.4"]
[White "Fernandez Ayuso, Sergio"]
[Black "Montalban Galvez, Antoni"]
[Result "1/2-1/2"]
[WhiteElo "2043"]
[BlackElo "2197"]
[PlyCount "99"]
[EventDate "2013.08.12"]
[EventType "swiss"]
[EventRounds "9"]
[EventCountry "ESP"]
[Source "lmi"]
[SourceDate "2013.08.12"]

1. Nf3 Nf6 2. d4 g6 3. Bg5 Bg7 4. Nbd2 d5 5. e3 Bf5 6. Be2 O-O 7. O-O Nbd7 8.
h3 h6 9. Bf4 Ne4 10. Nxe4 Bxe4 11. c3 c6 12. Qb3 Qb6 13. Qxb6 axb6 14. Ne5 Nxe5
15. Bxe5 Bxe5 16. dxe5 Bf5 17. a3 b5 18. Rad1 Bc2 19. Rd2 Bb3 20. Re1 e6 21.
Bd3 Rfd8 22. f4 Kf8 23. Kf2 Ke7 24. h4 h5 25. g4 hxg4 26. Kg3 Rh8 27. Rh1 Rh6
28. Kxg4 Rah8 29. Kg3 Kd7 30. Rdh2 Ke7 31. Kf2 Kd7 32. Ke1 Kc7 33. Kd2 Kb6 34.
Be2 d4 35. cxd4 Bd5 36. Rf1 Rxh4 37. Rxh4 Rxh4 38. Rf2 c5 39. dxc5+ Kxc5 40.
b4+ Kb6 41. Bd1 Rh3 42. Bc2 Rh8 43. Kc3 Rc8+ 44. Kb2 Rh8 45. Kc3 Rh3 46. Kd2
Rh1 47. Bd1 Kc6 48. Kc2 Be4+ 49. Kc1 Rg1 50. Kd2 1/2-1/2

[Event "47. Torneo Villa de Mislata - Torneo A"]
[Site "Mislata ESP"]
[Date "2013.08.14"]
[Round "4.5"]
[White "Rebole Arbea, Jose Ignacio"]
[Black "Carrascoso Morales, Abel"]
[Result "0-1"]
[WhiteElo "2187"]
[BlackElo "2288"]
[PlyCount "76"]
[EventDate "2013.08.12"]
[EventType "swiss"]
[EventRounds "9"]
[EventCountry "ESP"]
[Source "lmi"]
[SourceDate "2013.08.12"]

1. g3 e5 2. Bg2 d5 3. c4 dxc4 4. Qa4+ c6 5. Qxc4 Be6 6. Qc2 Bd6 7. Nf3 Na6 8.
Nc3 Nb4 9. Qb1 c5 10. d3 f6 11. Ne4 Ne7 12. Be3 Rc8 13. O-O O-O 14. Rc1 b6 15.
Nxd6 Qxd6 16. Bd2 a5 17. b3 Bd5 18. a3 Nbc6 19. Bc3 b5 20. e4 Be6 21. Bd2 Rfd8
22. Be3 Nd4 23. Nxd4 cxd4 24. Rxc8 Rxc8 25. Bd2 Nc6 26. Qb2 b4 27. Bf1 Ne7 28.
axb4 axb4 29. Ra4 Rc3 30. Bxc3 dxc3 31. Ra8+ Kf7 32. Qe2 g6 33. Qe3 Kg7 34. Qa7
c2 35. Re8 Kf7 36. Rh8 c1=Q 37. Rxh7+ Kf8 38. Qa8+ Qc8 0-1

[Event "47. Torneo Villa de Mislata - Torneo A"]
[Site "Mislata ESP"]
[Date "2013.08.14"]
[Round "4.6"]
[White "Cruz Lledo, Pablo"]
[Black "Gonzalez Aguirre, Luis"]
[Result "1-0"]
[WhiteElo "2271"]
[BlackElo "2151"]
[PlyCount "125"]
[EventDate "2013.08.12"]
[EventType "swiss"]
[EventRounds "9"]
[EventCountry "ESP"]
[Source "lmi"]
[SourceDate "2013.08.12"]

1. d4 Nf6 2. c4 e6 3. Nc3 Bb4 4. Qc2 O-O 5. a3 Bxc3+ 6. Qxc3 d5 7. Bg5 dxc4 8.
Qxc4 b6 9. Nf3 Ba6 10. Qc2 Qc8 11. g3 Nbd7 12. Bg2 Bb7 13. Rc1 c5 14. Bxf6 gxf6
15. Qd2 Qd8 16. O-O cxd4 17. Qxd4 Rc8 18. Rcd1 Bxf3 19. exf3 Ne5 20. Qa4 Qc7
21. f4 Ng6 22. Rd7 Qc2 23. Qxc2 Rxc2 24. Rb1 a5 25. Rb7 Rd8 26. Rxb6 Rdd2 27.
Be4 Rc4 28. Bf3 Rcc2 29. Bd1 Rc5 30. b4 Rc3 31. bxa5 Rxa3 32. a6 Kg7 33. Bb3
Ne7 34. Bc4 Nc8 35. R6b3 Ra4 36. Bf1 Raa2 37. Rc3 Ne7 38. Bc4 Ra4 39. Rd3 Re2
40. Bb5 Raa2 41. Rd7 Rxf2 42. Rxe7 Rg2+ 43. Kf1 Rxh2 44. Ke1 Rh1+ 45. Bf1 Rxa6
46. Reb7 Ra2 47. R7b2 Rxb2 48. Rxb2 Rh5 49. Rb5 f5 50. Kf2 Rh6 51. Rb7 Kf6 52.
Kg2 Rg6 53. Bb5 Rg8 54. Be2 Kg6 55. Kh3 Ra8 56. Bf3 Ra2 57. Bc6 Ra8 58. Rxf7
Kxf7 59. Bxa8 e5 60. Kh4 e4 61. Kg5 Ke6 62. Bb7 e3 63. Bf3 1-0